Desarrollo de una plataforma de simulación de múltiples procesadores CPUCR en forma gráfica

Tallennettuna:
Bibliografiset tiedot
Päätekijä: Soto Avendaño, Jorge Ramón, 1993-
Muut tekijät: Lochi Yu Lo Director de Proyecto Eléctrico
Aineistotyyppi: Kirja
Kieli:Spanish
Julkaistu: [San José], Costa Rica 2015
Aiheet:
Tagit: Lisää tagi
Ei tageja, Lisää ensimmäinen tagi!

MARC

LEADER 00000nam a22000007a 4500
003 012383
005 20230918105911.0
008 160630b2015 cr a|||| |||| 00| ||spa d
040 |c cru CEDI  
090 |a TFG 7541 
100 |9 1510  |a Soto Avendaño, Jorge Ramón, 1993- 
245 |a Desarrollo de una plataforma de simulación de múltiples procesadores CPUCR en forma gráfica 
260 |a [San José], Costa Rica  |c 2015 
300 |a xi, 45 hojas ; ilustraciones 
500 |a  Proyecto de graduación (bachillerato en ingeniería eléctrica)--Universidad de Costa Rica. Facultad de Ingeniería. Escuela de Ingeniería Eléctrica 
501 |a Profesor Guía de IE-0499 Proyecto Eléctrico: Lochi Yu Lo, Ph.D 
651 |x CPUCR (MICROPROCESADOR)  |x SIMULACION POR COMPUTADORA   |x VIDEOJUEGOS - DISEÑO  |9 5156 
700 |9 841  |a  Lochi Yu Lo  |d Director de Proyecto Eléctrico  
942 |c CEDI 
999 |c 16964  |d 16964